Inovácie ako súčasť znalostnej ekonomiky aplikované na oblasť školského systému bakalárska práca
Saved in:
| Main Author: | |
|---|---|
| Corporate Author: | |
| Other Authors: | |
| Format: | Book |
| Language: | Slovak |
| Published: |
Bratislava
2010
|
| Tags: |
No Tags, Be the first to tag this record!
|
MARC
| LEADER | 00000nam$a2200000$$$4500 | ||
|---|---|---|---|
| 001 | 0135239 | ||
| 005 | 20240320074141.1 | ||
| 041 | 0 | |a slo | |
| 044 | |a SK | ||
| 245 | 1 | 0 | |a Inovácie ako súčasť znalostnej ekonomiky aplikované na oblasť školského systému |b bakalárska práca |c Zuzana Majerská ; školiteľ: Martina Jelšíková |
| 264 | 1 | |a Bratislava |c 2010 | |
| 300 | |a 56 s. | ||
| 100 | 1 | |a Majerská, Zuzana | |
| 700 | 1 | |a Jelšíková, Martina | |
| 710 | 2 | |a Obchodná fakulta EU. Katedra tovaroznalectva a kvality tovaru | |